00736nam a2200205 i 4500001000700000003000900007005001700016007000300033008004100036100002400077245007000101260003100171300002200202490004800224504002800272830005600300852003300356999001900389952012200408104436ES-MaACL20230906183614.0t|051130s1970 fr ||||1| fre d1 aMilet, Jean.98110210aGabriel Tarde et la philosophie de l'histoire / cpar Jean Milet. aParis : bJ. Vrin, c1970. a410 p. ; c25 cm.1 aBibliothèque d'histoire de la philosophie aBibliografía. Indice.0 aBibliothèque d'histoire de la philosophie9177275 aES-MaACLjL-11856 bR.113826 c104436d104436 00104070aATENEOMbATENEOMcDEPO2d2008-01-17eSCl0oL-11856p1109040r2023-02-23 00:00:00w2023-02-23yMONOGRAFIA